| 000 | 00467nam a2200145Ia 4500 | ||
|---|---|---|---|
| 001 | 10905 | ||
| 003 | GE_BSU | ||
| 008 | 181216s||||||||xx |||||||||||||| ||und|| | ||
| 040 | _cGE_BSU | ||
| 245 | _aЭнциклопедический словарь | ||
| 245 | _bТ.5а=: Вальтерь-Венути | ||
| 245 | _cПодь Ред: К.К. Арсеньева,О.О. Петрушевского | ||
| 653 | _aЭнциклопедический словарь | ||
| 942 | _cBK | ||
| 999 |
_c44147 _d44147 |
||